| 000 | 00655nam a2200205Ia 4500 | ||
|---|---|---|---|
| 005 | 20211108100415.0 | ||
| 008 | 130821s1962 xxu fr eng d | ||
| 040 |
_aCo-BoUCM _bspa _cSaul Niño (Modificó) _d[Nuevo] |
||
| 041 | 0 | _aeng | |
| 100 | 1 |
_aSalinger, J. D. _945763 |
|
| 245 | 1 | 0 |
_aNine stories _cJ. D. Salinger |
| 260 |
_aNueva York (Estados Unidos) _bNew American Library _c1962 |
||
| 300 | _a144 páginas | ||
| 490 | 0 |
_aSignet Book _v1498 |
|
| 650 | 0 | 4 |
_aLiteratura inglesa _9272 |
| 650 | 0 | 4 |
_aNovela inglesa _920530 |
| 690 | 0 |
_aLiteratura europea _926524 |
|
| 942 |
_cLIBRO _a18 _e1 _mS15m _2DEWEY _h823.08 |
||
| 999 |
_c4883 _d4883 |
||